Terminus des trams de Grenoble - Statistiques

Statistiques générales
  • Ce quiz a été pris 117 fois
  • Le résultat moyen est 5 sur 10
Statistiques - réponses
Hint Réponse % Correct
A Fontaine la Poya
84%
A Pont-de-Claix L'Étoile
69%
C Seyssins le Prisme
64%
B Gières Plaine des sports
60%
B Grenoble Oxford
60%
E Grenoble Louise Michel
48%
D Saint-Martin-d'Hères Etienne Grappe
31%
E Fontanil-Cornillon Palluel
28%
C Saint-Martin-d'Hères Condillac - Universités
23%
D Saint-Martin-d'Hères Les Taillées - Université
19%
Aucun quiz correspondant
Distribution des résultats
% des personnes avec chaque résultat
Percentile par nombre de réponses
Votre historique - résultats
Vous n’avez pas pris ce quiz